Statistics for Canada Top 10 Geography

Click here to take the quiz!

General Stats

  • This quiz has been taken 94 times
  • The average score is 60 of 100

Answer Stats

Hint Answer % Correct
1)2'615'000Toronto
99%
7)(an island)Vancouver Island
97%
2)8'214'000Quebec
97%
1)0kmUnited States
97%
6)(a city)Quebec City
97%
8)604'000Vancouver
97%
2)1'650'000Montreal
97%
7)18'960Lake Ontario
96%
1)13'678'000Ontario
96%
4)108'860Newfoundland
95%
9)527'000Newfoundland and Labrador
95%
4)4'121'700Alberta
93%
10)146'300Prince Edward Island
91%
6)1'125'400Saskatchewan
91%
7)1'939kmSaskatchewan River
91%
5)812'000Edmonton
91%
2)1238kmRussia
89%
5)1809kmMexico
89%
5)1'282'000Manitoba
87%
3)4'631'000British Columbia
87%
7)942'700Nova Scotia
87%
3)1'097'000Calgary
85%
4)883'000Ottawa
84%
2)1'160kmMichigan
83%
7)664'000Winnipeg
81%
6)24'387Lake Winnipeg
81%
8)753'900New Brunswick
80%
7)687kmWashington
80%
3)1638kmIceland
80%
3)983kmMaine
79%
6)716kmNew York
79%
4)1657kmBahamas
77%
8)499kmNorth Dakota
77%
6)2065kmCuba
76%
5)877kmMontana
76%
10)145kmVermont
76%
7)2200kmNorway
75%
1)2'475kmAlaska
75%
4)880kmMinnesota
73%
3)(waterfalls)Niagara Falls
72%
5)25'700Lake Erie
72%
1)82'100Lake Superior
72%
10)2582kmHaiti
72%
9)2352kmSweden
72%
1)507'451Baffin Island
72%
2)19'234 (NWT)Yellowknife
69%
2)(a national park)Banff National Park
68%
1)23'276 (YU)Whitehorse
68%
2)59'600Lake Huron
68%
2)217'291Victoria Island
67%
8)2342kmFinland
60%
3)31'328Great Bear Lake
60%
4)29'000Great Slave Lake
60%
10)520'000Hamilton
57%
3)3'058kmSaint Lawrence River
56%
2)3'185kmYukon River
56%
9)235kmOhio
55%
6)366'000London
55%
8)(a ski resort)Whistler
51%
3)6'699 (NU)Iqaluit
48%
6)713'000Mississauga
48%
3)196'236Ellesmere Island
47%
1)4'241kmMackenzie River
44%
10)211'000Windsor
43%
9)219'000Kitchener
36%
8)7'935Lake Athabasca
32%
9)524'000Brampton
31%
7)302'000Markham
23%
5)70'028Banks Island
23%
6)2'000kmColumbia River
19%
8)288'000Vaughan
19%
5)2'338kmSlave River
16%
5)3'463 (NWT)Inuvik
16%
6)55'247Devon Island
16%
9)1'609kmChurchill River
15%
8)1'923kmPeace River
13%
10)33'339Prince of Wales Island
13%
4)3'606 (NWT)Hay River
12%
4)2'575kmNelson River
11%
9)41'214Southampton Island
11%
8)42'149Melville Island
11%
7)43'178Axel Heiberg Island
11%
9)6'650Reindeer Lake
11%
10)1'872 (NU)Baker Lake
8%
10)1'392kmSouth Saskatchewan River
7%
6)2'577 (NU)Rankin Inlet
7%
10)6'527Smallwood Reservoir
5%
7)2'496 (NWT)Fort Smith
5%
8)2'318 (NU)Arviat
4%
9)1'926 (NWT)Behchoko
3%

Score Distribution

Percentile by Number Answered

Percent of People with Each Score

Your Score History

You have not taken this quiz